00676nam a2200205Ia 4500020001500000040000800015082002600023100002100049245003600070246005700106246005300163250002300216260006200239300004500301500002000346650003100366650002800397650002400425650002100449 a0785408614 cBDR a650 AGS 1997 A106 Or.1 aKnox, Carolyn W.10aEnglish for the world of work /3 aAGS English for the world of work, teacher's edition3 aEnglish for the world of work, teacher's edition aTeacher's edition. aCircle Pines, Minn. :bAmerican Guidance Service,cc1997. aT16, viii, 303 p. :bcol. ill. ;c29 cm. aIncludes index. 0aApplications for positions 0aEmployment interviewing 0aSuccess in business 0aEnglish language